000 00488nam a22001817a 4500
003 OSt
005 20140310182148.0
008 130116t xxu||||| |||| 00| 0 eng d
020 _a9780753714874
050 _aQP 36
_b.W153 2006
082 _aHS 611
_bW15 2006
100 _aWalker, Richard
_915624
245 _aGuide to the human body /
_c Richard Walker.
260 _aNew York, NY :
_bDK,
_cc2006.
300 _a192 p. :
_bcol. ill. ;
_c22 p. :
942 _2lcc
_cHS
999 _c9960
_d9960